Logic for mathematicians
Αποθηκεύτηκε σε:
| Κύριος συγγραφέας: | |
|---|---|
| Μορφή: | Βιβλίο |
| Γλώσσα: | Greek |
| Δημοσίευση: |
New York ; Torondo ; London :
McGraw-Hill,
1953
|
| Σειρά: | International series in pure and applied mathematics
|
| Θέματα: | |
| Ετικέτες: |
Προσθήκη ετικέτας
Δεν υπάρχουν, Καταχωρήστε ετικέτα πρώτοι!
|
MARC
| LEADER | 00000cam a2200000 i 4500 | ||
|---|---|---|---|
| 001 | 1/4967 | ||
| 008 | 100226s1953 gre d | ||
| 035 | |l 10106999 | ||
| 040 | |a GR-MY-UA |b gre |e aacr | ||
| 041 | 0 | |a gre | |
| 082 | 0 | |a 511.3 |2 (22) | |
| 100 | 1 | |a Rosser, J. Barkley |q (John Barkley), |d 1907-1989. | |
| 245 | 1 | 0 | |a Logic for mathematicians / |c J. Barkley Rosser |
| 260 | |a New York ; Torondo ; London : |b McGraw-Hill, |c 1953 | ||
| 300 | |a xiv, 530 σ.; |b σχ.; |c 24 εκ. | ||
| 490 | 1 | |a International series in pure and applied mathematics | |
| 504 | |a Περιέχει βιβλιογραφία και ευρετήριο | ||
| 650 | 0 | 0 | |a Logic, Symbolic and mathematical. |
| 830 | 0 | |a International series in pure and applied mathematics | |
| 852 | |a INST |b SAMOS |c MAG |e 20100226 |h 511.3 ROS |p 005300030533 |q 005300030533 |t BK |y 0 | ||
| 901 | |a BIBL3-2010-1 | ||
| 909 | |a Σ |b 161908 | ||
| 970 | |a ΣΙΤΖΙΜΗ |b ΓΙΑΣΕΜΗ |z 2010/02/26 | ||